| 000 | 00607nam a2200193Ia 4500 | ||
|---|---|---|---|
| 005 | 20250508160140.0 | ||
| 008 | 008 250505s9999 xx 000 0 eng d | ||
| 037 | _aBooks to be hide in OPAC | ||
| 040 |
_aFEDL _beng _cFEDL |
||
| 041 |
_aeng _2eng |
||
| 084 |
_a370.58, NAT/O _qFEDL |
||
| 100 |
_aHenry Nelson B Ed. _911231 |
||
| 245 | 0 | _aForty-seventh yearbook of the National Society for the study of education | |
| 260 |
_aChicago _bNational Society for the Study of Education _c1948 |
||
| 300 | _ax,318p | ||
| 490 | _vPt 3 | ||
| 942 |
_cHB _h370.58, NAT/O |
||
| 999 |
_c1362223 _d1362223 |
||